00650nam a22001337a 4500003000400000005001700004008004100021040000800062082002700070100001600097245035100113260002800464300002400492OSt20150921151738.0150921b xxu||||| |||| 00| 0 eng d cRUA aAGR NUO 2008 B035 Or.1 aNUON PHYROM acomparison of lettuce varieties and spacing on crop station of royal university of agriculture,(ការប្រៀបធៀបចន្លោះគុម្ព និងពូជសាលាដនៅក្នុង ស្ថានីយ៍ដំណាំ នៃសាកលវិទ្យាល័យភូមិន្ទកសិកម្ម) aphnom penh bRUAc2008  ax,42p.cill.g29cm.